000 00646nam a2200241 i 4500
001 00000000037005
003 OSt
005 20140530213003.0
008 020226s1978 esp j 0001 spa d
020 _a84-239-1141-1
040 _cBMC
082 _a910.4
082 _a914.46
100 _9684
_aCela, Camilo José
_d1916-2002
245 1 0 _aViaje a la Alcarria
_b: las botas de siete leguas
_cCamilo José Cela
250 _a11ª ed
260 _aMadrid
_bEspasa-Calpe
_c1978
300 _a160 p.
_c18 cm
490 _aAustral
_v1141
650 2 4 _9524
_aLiteratura de viajes
651 4 _9138
_aEspaña
_xDescripción
942 _2ddc
_cBK
999 _c888
_d888